000 00944nam0a22002531 4500
001 rc\2692582
005 20260406160943.0
035 _a(NLR Aleph) 006820819
090 _a6441568
_c6441568
100 _a20110915d1933 |||y0rusy50 ca
101 0 _arus
102 _aRU
105 _ay z |||||
200 1 _aСборник дополнительных инструкций к счетному плану 1933 года
_fНКЗем СССР. Союзсеменоводобъединение
210 _a[Москва]
_cСтеклогр. УМП. Дзержинск. райсов.
_d[1933]
215 _aОбл., [1], 36 с., без тит. л.
_d30х21 см.
300 _aСтеклогр. изд.
710 0 2 _a"Союзсеменовод", об-ние
_cМосква
_3RU\NLR\AUTH\889932317
_9359952
801 0 _aRU
_bNLR
_gpsbo
801 1 _aRU
_bELAR
_2rusmarc
852 _aNLR
_j34-13/86
942 _cBOOK
980 _aNB